Manual básico CADPIPE 5.3 : diseño de tuberías por ordenador /
Saved in:
| Main Authors: | , , |
|---|---|
| Format: | Electronisk eBog |
| Sprog: | spansk |
| Udgivet: |
San Vicente (Alicante) :
Editorial Club Universitario,
[2001]
|
| Fag: | |
| Online adgang: | Digitalia Hispánica |
| Tags: |
Tilføj Tag
Ingen Tags, Vær først til at tagge denne postø!
|
MARC
| LEADER | 00000nam a2200000Ii 4500 | ||
|---|---|---|---|
| 001 | DIGECU0641 | ||
| 003 | NyNyDIG | ||
| 006 | m o d | ||
| 007 | cr ||||||||||| | ||
| 008 | 250808s2001 sp a o 000 0 spa d | ||
| 035 | |a (OCoLC)849457566 | ||
| 040 | |a DGITA |b eng |e rda |e pn |c DGITA | ||
| 020 | |a 9788499484976 |q eBook | ||
| 020 | |z 9788484540823 | ||
| 050 | 1 | 4 | |a TA660.P55 ebook |
| 100 | 1 | |a Sentana Cremades, Eloy, |e author. | |
| 245 | 1 | 0 | |a Manual básico CADPIPE 5.3 : |b diseño de tuberías por ordenador / |c Eloy Sentana Cremades, Carlos Pujalte Casielles, Irene Sentana Gadea. |
| 246 | 3 | 0 | |a Diseño de tuberías por ordenador |
| 264 | 1 | |a San Vicente (Alicante) : |b Editorial Club Universitario, |c [2001] | |
| 300 | |a 1 online resource : |b illustrations. | ||
| 336 | |a text |b txt |2 rdacontent | ||
| 337 | |a computer |b c |2 rdamedia | ||
| 338 | |a online resource |b cr |2 rdacarrier | ||
| 347 | |a text file |2 rdaft | ||
| 347 | |b PDF | ||
| 500 | |a "Universidad de Alicante, Departamento de Expresión Gráfica y Cartografía"--Cover. | ||
| 588 | 0 | |a Online resource; title from PDF title page (Digitalia, viewed August 8, 2025) | |
| 650 | 0 | |a Piping |x Computer-aided design. | |
| 650 | 0 | |a Piping |x Design and construction. | |
| 700 | 1 | |a Pujalte Casielles, Carlos, |e author. | |
| 700 | 1 | |a Sentana Gadea, Irene, |e author. | |
| 791 | 2 | |a Digitalia (Firm), |e distributor. | |
| 793 | 0 | |g Digitalia eBook Collection: |a Editorial Club Universitario (ECU) | |
| 776 | 0 | 8 | |i Print version: |a Sentana Cremades, Eloy. |t Manual básico CADPIPE 5.3. |d San Vicente (Alicante) : Editorial Club Universitario, [2001] |z 9788484540823 |
| 856 | 4 | 0 | |3 Digitalia Hispánica |u https://digitalia.unach.elogim.com/a/171243/ |
| 910 | |a Premium collection: 2025 | ||